| 000 | 00485 a2200181 4500 | ||
|---|---|---|---|
| 001 | 131120 | ||
| 003 | OSt | ||
| 005 | 20210907174416.0 | ||
| 008 | |||
| 020 | _a3527305238 | ||
| 082 |
_a615.372 _bN85N |
||
| 245 | 1 |
_aNovel vaccination strategies _cedited by Stefan H. E. Kaufmann |
|
| 260 |
_aWeinheim _bWiley-VCH _c2004 |
||
| 300 | _a628p. | ||
| 690 | _aVaccines; Vaccines--Synthesis | ||
| 700 |
_aKaufmann, Stefan H.E. _eEditor |
||
| 942 |
_2ddc _cBK |
||
| 999 |
_c5656 _d5656 |
||